|
|
|
|
| LEADER |
00000cam a2200000 c 4500 |
| 001 |
1649790708 |
| 003 |
DE-627 |
| 005 |
20260323155439.0 |
| 007 |
tu |
| 008 |
900227s1988 xx ||||| m 00| ||ger c |
| 015 |
|
|
|a 89,H06,1687
|2 dnb
|
| 016 |
7 |
|
|a 890837368
|2 DE-101
|
| 035 |
|
|
|a (DE-627)1649790708
|
| 035 |
|
|
|a (DE-576)01980475X
|
| 035 |
|
|
|a (DE-599)DNB890837368
|
| 035 |
|
|
|a (OCoLC)1581156499
|
| 035 |
|
|
|a (OCoLC)75061165
|
| 040 |
|
|
|a DE-627
|b ger
|c DE-627
|e rakwb
|
| 041 |
|
|
|a ger
|
| 084 |
|
|
|a 33
|2 sdnb
|
| 100 |
1 |
|
|a Steitz, Gisela
|0 (DE-588)1393799620
|0 (DE-627)1966986122
|4 aut
|
| 245 |
1 |
0 |
|a Colitis ulcerosa und Morbus Crohn
|b zur Geschichte und Problematik chronisch entzündlicher Darmerkrankungen
|c vorgel. von Gisela Steitz
|
| 264 |
|
1 |
|c 1988
|
| 300 |
|
|
|a 264 Bl.
|
| 336 |
|
|
|a Text
|b txt
|2 rdacontent
|
| 337 |
|
|
|a ohne Hilfsmittel zu benutzen
|b n
|2 rdamedia
|
| 338 |
|
|
|a Band
|b nc
|2 rdacarrier
|
| 502 |
|
|
|a Heidelberg, Univ., Diss., 1988 (Nicht f.d. Austausch)
|
| 583 |
1 |
|
|a Archivierung prüfen
|c 20200919
|f DE-640
|z 2
|2 pdager
|
| 655 |
|
7 |
|a Hochschulschrift
|0 (DE-588)4113937-9
|0 (DE-627)105825778
|0 (DE-576)209480580
|2 gnd-content
|
| 951 |
|
|
|a BO
|
| 992 |
|
|
|a 20260323
|
| 993 |
|
|
|a Thesis
|
| 994 |
|
|
|a 1988
|
| 998 |
|
|
|g 1393799620
|a Steitz, Gisela
|m 1393799620:Steitz, Gisela
|d 50000
|d 51001
|e 50000PS1393799620
|e 51001PS1393799620
|k 0/50000/
|k 1/50000/51001/
|p 1
|x j
|y j
|
| 999 |
|
|
|a KXP-PPN1649790708
|e 4941102746
|
| BIB |
|
|
|a Y
|
| JSO |
|
|
|a {"id":{"eki":["1649790708"]},"noteThesis":["Heidelberg, Univ., Diss., 1988 (Nicht f.d. Austausch)"],"type":{"bibl":"thesis"},"language":["ger"],"title":[{"title_sort":"Colitis ulcerosa und Morbus Crohn","title":"Colitis ulcerosa und Morbus Crohn","subtitle":"zur Geschichte und Problematik chronisch entzündlicher Darmerkrankungen"}],"recId":"1649790708","physDesc":[{"extent":"264 Bl."}],"name":{"displayForm":["vorgel. von Gisela Steitz"]},"origin":[{"dateIssuedDisp":"1988","dateIssuedKey":"1988"}],"person":[{"given":"Gisela","display":"Steitz, Gisela","role":"aut","family":"Steitz"}]}
|
| SRT |
|
|
|a STEITZGISECOLITISULC1988
|